000 00990nam a2200325 a 4500
999 _c9510
_d9510
001 9510
003 BD-JhCC
005 20180628102806.0
008 960723s1996 nyu i000 0 eng d
020 _a9211301777
035 _a(BD-JhCC)9510
035 _a(OCoLC)35158177
040 _aFMU-L
_cFMU-L
_dDLC
_dBD-JhCC
041 _aeng
050 0 0 _aK5001
_b.U55 1996
082 _bUNI 1996
_a364.40601
245 0 4 _aThe United Nations and crime prevention /
_cUnited Nations.
246 3 0 _aCrime
260 _aNew York :
_bUnited Nations, Dept. of Public Information,
_c1996.
300 _av, 143 p. ;
_c26 cm.
500 _a"DPI/1143/Rev.2/CRM"--P. [4] of cover.
500 _a"Sales no. E.96.IV.9"--P. [4] of cover.
650 0 _aCriminal justice, Administration of.
650 0 _aPrisoners
_xLegal status, laws, etc.
650 0 _aPolice.
650 0 _aCrime prevention.
710 2 _aUnited Nations.
_bOffice of Public Information.
942 _2ddc
_cBK